[Event "Las Americas Team op U2400 Hybrid"]
[Site "Internet"]
[Date "2022.05.14"]
[Round "5.8"]
[White "Ortiz Montilla, Jorge Luis"]
[Black "Carvajal Diaz, Alejandro Alfonso"]
[Result "1-0"]
[WhiteElo "1584"]
[BlackElo "1378"]
[PlyCount "91"]
[EventDate "2022.05.14"]
[EventType "team-swiss"]
[EventRounds "5"]
[EventCountry "VEN"]
[SourceTitle "EXT 2023"]
[Source "ChessBase"]
[SourceDate "2022.10.05"]
[SourceVersion "1"]
[SourceVersionDate "2022.10.05"]
[SourceQuality "1"]

1. e4 c5 2. Nf3 Nc6 3. d4 cxd4 4. Nxd4 e5 5. Nb5 a6 6. N5c3 Bb4 7. Bc4 Nf6 8. Bg5 0-0 9. 0-0 h6 10. Bxf6 gxf6 11. Qh5 Kg7 12. Nd5 d6 13. c3 Bc5 14. Nd2 b5 15. Bd3 Be6 16. Ne3 Rh8 17. Nf3 Ne7 18. Nh4 Bxe3 19. fxe3 Ng6 20. Nf5+ Kf8 21. Rf3 d5 22. Raf1 Bxf5 23. Rxf5 Kg7 24. Rxf6 Qxf6 25. Rxf6 Kxf6 26. Qf5+ Kg7 27. exd5 Rad8 28. Be4 a5 29. h4 h5 30. g3 Rh6 31. b3 Rd6 32. c4 Rf6 33. Qd7 bxc4 34. bxc4 Nf8 35. Qe7 Ng6 36. Bxg6 Rhxg6 37. Qxe5 Kf8 38. c5 Rf3 39. Kg2 Rgf6 40. d6 Rf2+ 41. Kh3 Rf1 42. d7 Kg7 43. d8Q R1f5 44. Qdxf6+ Rxf6 45. c6 Kg6 46. Qxf6+ 1-0